| 000 | 00919nam a2200229Ia 4500 | ||
|---|---|---|---|
| 003 | Ost | ||
| 005 | 20260507075054.0 | ||
| 008 | 260507s9999||||xx |||||||||||||| ||und|| | ||
| 020 | _a6377279977 | ||
| 040 | _cfsecg | ||
| 041 | _aara | ||
| 082 | _a303.484 | ||
| 100 |
_aعثمان، فاروق السيد _eمؤلف |
||
| 245 | 0 |
_aسيكولوجية العولمة / _c فاروق السيد عثمان |
|
| 260 |
_aالقاهرة: _bدار الأمين للنشر, _c2003 |
||
| 300 |
_a125 صفحة؛ _bإيضاحات ؛ _c24 سم |
||
| 520 | _aثقافة الابداع وتحديات العولمة،اتجاهات الشباب نحو العولمة ،قلق العولمة وعلاقته بالإنتماء لدى طلاب الجامعة،قيم العولمة كما يدركها طلاب الجامعة | ||
| 653 | _aالجامعة | ||
| 653 | _aالعولمة | ||
| 653 | _aطلبة | ||
| 942 | _cكتاب | ||
| 999 |
_c42724 _d42724 |
||